000
00299nam a22001337a 4500
020
_a
978-0-7166-2268-0
082
_a
001
_b
CAR/O
100
_a
CARRIGAN, MELLONEE
245
_a
OUR EARTH
260
_a
USA
_b
WORLD BOOK INC
_c
2013
300
_a
191
650
_a
ENCYCLODIEA SCIENCE
_z
INDIA
942
_c
BK
999
_c
1807
_d
1807